[Event "2016 Standard Chess Dropout Tournament, Round 5"]
[Site "SchemingMind.com"]
[Date "2017.06.24"]
[Round "5"]
[White "Robert Bruce"]
[Black "frankly"]
[Result "0-1"]
[WhiteCountry "SCO"]
[BlackCountry "ENG"]
[WhiteElo "2350"]
[WhiteRD "75"]
[BlackElo "2526"]
[BlackRD "63"]
[GameID "415533"]

1. d4 d5 2. Nf3 Nf6 3. e3 e6 4. Bd3 c5 5. b3 Nc6 6. O-O Bd6 7. Bb2 O-O 8. dxc5 Bxc5 9. a3 a6 10. Nbd2 b5
11. Qe2 b4 12. Nd4 Bxd4 13. exd4 Qb6 14. axb4 Nxb4 15. c4 Nxd3 16. Qxd3 a5 17. Ra2 dxc4 18. bxc4 a4 19. Rfa1 Rd8 20. Qe2 Bd7
21. h3 Rdc8 22. Qd3 h6 23. Nf3 Rab8 24. Ne5 Be8 25. Qe2 Qa6 26. Qd1 Ne4 27. Qg4 Nf6 28. Qd1 Qb7 29. Ba3 Qc7 30. Rc1 Rb3
31. Qc2 Qd8 32. Bb2 Nh5 33. Qd2 Qg5 34. Qxg5 hxg5 35. c5 Nf4 36. Rc2 Nd5 37. Rd2 Bb5 38. Ra3 f6 39. Ng4 Nf4 40. Rxb3 axb3
41. Ne3 Kf7 42. f3 Rd8 43. Kh2 Nd3 44. Bc3 Ra8 45. Rd1 Ra3 46. Rb1 Ke8 47. d5 exd5 48. Nf5 Ba4 49. Nxg7+ Kf7 50. Nf5 b2
51. Bd4 Rb3 52. Kg1 Rb8 53. Ne3 Ke6 54. Kf1 Bb3 55. c6 Ba2 56. c7 Rc8 57. Rxb2 Nxb2 58. Bxb2 Rxc7 59. Bd4 f5 60. g3 f4
61. gxf4 gxf4 62. Ng4 Bc4+ 63. Kg2 Bb5 64. h4 Rc2+ 65. Nf2 Be8 66. Kf1 Kf5 67. Nh3 Bb5+ 68. Ke1 Re2+ 69. Kd1 Rh2 70. Ng1 Rxh4
71. Kd2 Rh2+ 72. Kd1 Ra2 73. Bh8 Ra4 74. Kc2 d4 75. Kb3 d3 76. Bc3 d2 77. Bxd2 Ra1 78. Nh3 Rf1 79. Nxf4 Rxf3+ 80. Kb4= Be8
81. Ng2 Ke4 82. Ne3 Kd3 83. Nc4 Rf1 84. Nd6 Bd7 85. Bh6 Rf6
0-1

[Event "2016 Standard Chess Dropout Tournament, Round 5"]
[Site "SchemingMind.com"]
[Date "2017.06.25"]
[Round "5"]
[White "chesshub"]
[Black "Selwyn"]
[Result "1/2-1/2"]
[WhiteCountry "FRA"]
[BlackCountry "AUS"]
[WhiteElo "2606"]
[WhiteRD "80"]
[BlackElo "2642"]
[BlackRD "97"]
[GameID "415534"]

1. d4 Nf6 2. c4 e6 3. Nc3 Bb4 4. e3 O-O 5. Bd3 d5 6. Nf3 c5 7. cxd5 exd5 8. dxc5 Nbd7 9. O-O Nxc5 10. Ne2 Nxd3
11. Qxd3 Ne4 12. b3 Bf5 13. Nfd4 Bg6 14. Bb2 Ba5 15. Ba3 Re8 16. Qb5 Bb6 17. Rac1 a6 18. Qb4 Rb8 19. Qe1 h6 20. Qd1 Qd7
21. Nf4 Bh7 22. f3 Ng5 23. Bc5 Bc7 24. Nde2 Rbd8 25. Qd4 Ne6 26. Nxe6 fxe6 27. Bb6 e5 28. Qb4 Bxb6 29. Qxb6 Re6 30. Qc7 Re7
31. Qxd7 Rexd7 32. h4 Kf7 33. Kf2 g5 34. hxg5 hxg5 35. Rh1 Bg6 36. Rc5 Kg7 37. Rd1 Kf6 38. Nc3 d4 39. exd4 Rxd4 40. Re1 Rd3
41. Re3 g4 42. fxg4 Rxe3 43. Kxe3 Rd3+ 44. Ke2 Rd4 45. Nd5+ Ke6 46. Ne3 Bd3+ 47. Ke1 Rd8 48. Rc7 Be4 49. Rc5 Bd3 50. Rc1 Kf6
51. Kf2 Rd4 52. Rc5 Bb1 53. Rc7 Rd2+ 54. Kf3 b5 55. a4 Rd4 56. Rc6+ Kg5 57. Rc5 bxa4 58. Rxe5+ Kf6 59. Ra5 axb3 60. Rxa6+ Kg5
61. Rb6 Bc2 62. Kg3 Rd3 63. Rb5+ Kg6 64. Kf4 Rd4+ 65. Kg3=
1/2-1/2

[Event "2016 Standard Chess Dropout Tournament, Round 5"]
[Site "SchemingMind.com"]
[Date "2017.06.24"]
[Round "5"]
[White "frankly"]
[Black "chesshub"]
[Result "1/2-1/2"]
[WhiteCountry "ENG"]
[BlackCountry "FRA"]
[WhiteElo "2533"]
[WhiteRD "59"]
[BlackElo "2623"]
[BlackRD "78"]
[GameID "415535"]

1. d4 Nf6 2. c4 g6 3. Nc3 d5 4. cxd5 Nxd5 5. e4 Nxc3 6. bxc3 Bg7 7. Nf3 c5 8. Rb1 O-O 9. Be2 Nc6 10. d5 Ne5
11. Nxe5 Bxe5 12. Qd2 e6 13. f4 Bc7 14. O-O exd5 15. exd5 Ba5 16. d6 Rb8 17. Ba3 Bf5 18. Rbd1 Rc8 19. g4 Bd7 20. f5 Qh4
21. Bf3 Rfe8 22. Bc1 gxf5 23. Bxb7 Rb8 24. Bd5 Qxg4+ 25. Kh1 Re2 26. Qd3 c4 27. Qd4 Qxd4 28. cxd4 c3 29. Rg1+ Kh8 30. Bh6=
1/2-1/2

[Event "2016 Standard Chess Dropout Tournament, Round 5"]
[Site "SchemingMind.com"]
[Date "2017.06.28"]
[Round "5"]
[White "Jari Laine"]
[Black "Dan Geana"]
[Result "1/2-1/2"]
[WhiteCountry "FIN"]
[BlackCountry "ROU"]
[WhiteElo "2464"]
[WhiteRD "84"]
[BlackElo "2530"]
[BlackRD "117"]
[GameID "415536"]

1. c4 c5 2. Nf3 Nc6 3. d4 cxd4 4. Nxd4 e6 5. Nc3 Nf6 6. a3 Be7 7. e4 O-O 8. Nf3 Qc7 9. Be2 b6 10. O-O Bb7
11. Bg5 h6 12. Bh4 d6 13. Bg3 a6 14. h3 Rac8 15. Rc1 Ne5 16. Qd4 Nfd7 17. b4 Nxf3+ 18. gxf3 Ne5 19. Qe3 Qb8 20. Na4 Nxc4
21. Bxc4 b5 22. Be2 Rxc1 23. Rxc1 bxa4 24. Qb6 Rc8 25. Rxc8+ Qxc8 26. Bxd6 Bxd6 27. Qxd6 Bc6 28. Qc5 Qb7 29. h4 Bb5 30. Bc4 Bxc4
31. Qxc4 e5 32. h5 Kh7 33. Qc5 f6 34. Qc4 Qb5 35. Qf7 Qc6 36. Kh2 Kh8 37. Qf8+=
1/2-1/2

[Event "2016 Standard Chess Dropout Tournament, Round 5"]
[Site "SchemingMind.com"]
[Date "2017.06.28"]
[Round "5"]
[White "Dan Geana"]
[Black "Robert Bruce"]
[Result "1-0"]
[WhiteCountry "ROU"]
[BlackCountry "SCO"]
[WhiteElo "2540"]
[WhiteRD "114"]
[BlackElo "2383"]
[BlackRD "75"]
[GameID "415538"]

1. e4 Nf6 2. e5 Nd5 3. d4 d6 4. Nf3 dxe5 5. Nxe5 c6 6. Be2 Bf5 7. O-O Nd7 8. Nf3 e6 9. c4 N5f6 10. Nc3 Qc7
11. Nh4 Bg6 12. g3 O-O-O 13. Be3 a6 14. Rc1 c5 15. d5 Bd6 16. a3 Kb8 17. b4 cxb4 18. Na4 b6 19. c5 Bxc5 20. dxe6 Ne5
21. Qb3 Nd5 22. Bxc5 bxc5 23. Nxc5 Qb6 24. Nxa6+ Ka7 25. Nxb4 Nxb4 26. Nxg6 Nbc6 27. Qa4+ Qa5 28. Qxa5+ Nxa5 29. Nxe5 Rd5 30. Rc7+ Kb6
31. Rc2 Rxe5 32. Rb1+
1-0

[Event "2016 Standard Chess Dropout Tournament, Round 5"]
[Site "SchemingMind.com"]
[Date "2017.06.24"]
[Round "5"]
[White "Selwyn"]
[Black "shg"]
[Result "1-0"]
[WhiteCountry "AUS"]
[BlackCountry "POL"]
[WhiteElo "2642"]
[WhiteRD "97"]
[BlackElo "2492"]
[BlackRD "97"]
[GameID "415540"]

1. d4 Nf6 2. c4 g6 3. Nc3 Bg7 4. e4 d6 5. Be2 O-O 6. Nf3 e5 7. O-O Nc6 8. d5 Ne7 9. Ne1 Nd7 10. Nd3 f5
11. f3 f4 12. Bd2 g5 13. b4 Nf6 14. Rc1 c6 15. Be1 cxd5 16. cxd5 Bd7 17. a4 Ng6 18. Nb2 Rc8 19. Kh1 Qe7 20. Bf2 Bh6
21. Nc4 g4 22. Bxa7 Ra8 23. Bf2 g3 24. Nb6 gxf2 25. Nxa8 Nh5 26. Rxf2 Ng3+ 27. Kg1 Nxe2+ 28. Qxe2 Rxa8 29. a5 Qe8 30. Qc4 Rc8
31. Qf1 Bg5 32. Nb1 Rxc1 33. Qxc1 Qb8 34. Rb2 Bd8 35. Na3 Qa7+ 36. Kh1 Qa6 37. Qc4 Qa8 38. Qc3 Nh8 39. Nc4 Nf7 40. b5 Qc8
41. Qc2 h6 42. h3 Kg7 43. Qb3 Bc7 44. Rc2 Qd8 45. a6 Qh4 46. Re2 Bb8 47. axb7 Bxh3 48. gxh3 Qxh3+ 49. Kg1 Ng5 50. Nd2 Kf6
51. Rf2 Qd7 52. Rh2 Qxb7 53. Rxh6+ Kg7 54. Rh2 Bc7 55. Kg2 Bd8 56. Nc4 Nf7 57. Qa4 Qd7 58. Qa6
1-0

[Event "2016 Standard Chess Dropout Tournament, Round 5"]
[Site "SchemingMind.com"]
[Date "2017.06.28"]
[Round "5"]
[White "Yos"]
[Black "Jari Laine"]
[Result "0-1"]
[WhiteCountry "INA"]
[BlackCountry "FIN"]
[WhiteElo "2545"]
[WhiteRD "91"]
[BlackElo "2464"]
[BlackRD "84"]
[GameID "415542"]

1. c4 c5 2. Nc3 Nc6 3. Nf3 g6 4. e3 Nf6 5. d4 cxd4 6. exd4 d5 7. cxd5 Nxd5 8. Qb3 Nxc3 9. bxc3 Bg7 10. Bd3 O-O
11. O-O Be6 12. Qxb7 Bd5 13. Qa6 e5 14. Bb5 Rc8 15. Ba3 Re8 16. Rfe1 Re6 17. Ng5 Rf6 18. dxe5 Nxe5 19. Qxa7 Rf5 20. Be7 Qc7
21. Qxc7 Rxc7 22. Bd8 Rc8 23. Be7 Rc7=
0-1

[Event "2016 Standard Chess Dropout Tournament, Round 6"]
[Site "SchemingMind.com"]
[Date "2017.11.06"]
[Round "6"]
[White "frankly"]
[Black "Selwyn"]
[Result "1/2-1/2"]
[WhiteCountry "ENG"]
[BlackCountry "AUS"]
[WhiteElo "2625"]
[WhiteRD "62"]
[BlackElo "2622"]
[BlackRD "98"]
[GameID "420314"]

1. d4 Nf6 2. Nf3 e6 3. c4 b6 4. g3 Ba6 5. b3 Bb4+ 6. Bd2 Be7 7. Bg2 O-O 8. Nc3 d5 9. cxd5 exd5 10. O-O Nbd7
11. Nh4 Re8 12. Re1 Bb7 13. Nf5 Bb4 14. Nb5 Bxd2 15. Qxd2 Nf8 16. Nc3 Qd7 17. Nh4 Ne6 18. Nf3 c5 19. e3 Rac8 20. Rac1 Qe7
21. Ne2 Rc7 22. dxc5 bxc5 23. Qa5 h6 24. b4 cxb4 25. Rxc7 Qxc7 26. Qxb4 Ba6 27. Rc1 Qb8 28. Qe1 Qb2 29. Ned4=
1/2-1/2

[Event "2016 Standard Chess Dropout Tournament, Round 6"]
[Site "SchemingMind.com"]
[Date "2017.11.10"]
[Round "6"]
[White "Dan Geana"]
[Black "frankly"]
[Result "1/2-1/2"]
[WhiteCountry "ROU"]
[BlackCountry "ENG"]
[WhiteElo "2546"]
[WhiteRD "117"]
[BlackElo "2625"]
[BlackRD "62"]
[GameID "420317"]

1. e4 c5 2. Nf3 Nc6 3. d4 cxd4 4. Nxd4 Nf6 5. Nc3 e5 6. Ndb5 d6 7. Bg5 a6 8. Na3 b5 9. Nd5 Be7 10. Bxf6 Bxf6
11. c3 Ne7 12. Nxf6+ gxf6 13. Bd3 d5 14. Qe2 dxe4 15. Bxe4 Rb8 16. O-O f5 17. Rad1 Qc7 18. Bb1 O-O 19. Nc2 Rb6 20. Ne3 Re8
21. g3 Rh6 22. Rd2 Qc6 23. a3 Kf8 24. Re1 Bb7 25. f3 Rf6 26. Rf1 h5 27. Ng2 Ng6 28. Qe3 f4 29. gxf4 Nxf4 30. Nxf4 exf4
31. Qd4 Qe6= 32. Qc5+ Qe7 33. Qxh5 Qe3+ 34. Rdf2 Re5 35. Qh4 Ree6 36. Kh1 Bd5 37. Bc2 Rd6 38. b3=
1/2-1/2

[Event "2016 Standard Chess Dropout Tournament, Round 6"]
[Site "SchemingMind.com"]
[Date "2017.11.06"]
[Round "6"]
[White "Selwyn"]
[Black "Jari Laine"]
[Result "1-0"]
[WhiteCountry "AUS"]
[BlackCountry "FIN"]
[WhiteElo "2620"]
[WhiteRD "99"]
[BlackElo "2442"]
[BlackRD "89"]
[GameID "420318"]

1. d4 d5 2. c4 c6 3. Nf3 Nf6 4. e3 a6 5. Bd3 Bg4 6. h3 Bh5 7. Nbd2 e6 8. O-O Nbd7 9. b3 Be7 10. Bb2 O-O
11. Qc2 Bg6 12. Bxg6 hxg6 13. Rac1 a5 14. a3 Qc7 15. Rfe1 Rfd8 16. g3 Rdc8 17. h4 Qd8 18. Qd3 Rcb8 19. Red1 Qb6 20. Ng5 Rf8
21. a4 Ng4 22. e4 Nh6 23. Qc2 Nf6 24. e5 Nfg4 25. Ndf3 Nf5 26. Rd3 Rab8 27. Qd2 Rbc8 28. Kg2 Rce8 29. c5 Qc7 30. Qf4 Nfh6
31. Nh3 Bd8 32. Qd2 f6 33. Re1 Nf5 34. Qe2
1-0